Państwa które pokonują Białoruś - Statystyki

Ogólne statystyki
  • Ten quiz został rozwiązany 49 razy
    38 od ostatniego zresetowania
  • Średni wynik to 12 z 15
Statystyki odpowiedzi
Ranking Kategoria Państwa % Poprawnych
4 Najbardziej wysunięte państwo Europy na wschód Rosja / Ukraina / Norwegia
97%
4 Największy członek WNP Rosja / Kazachstan / Uzbekistan
94%
2 Większa ilość żubrów Polska
91%
13 Najwięcej wykonanych egzekucji Chiny / Iran / Arabia Saudyjska / Wietnam / Irak / Egipt / Stany Zjednoczone / Japonia / Pakistan / Singapur / Somalia / Sudan Południowy
88%
2 Najbliższe niegraniczące państwo do Estonii Finlandia
88%
4 Najbardziej zaludnione państwo zaczynające się na literę B Brazylia / Bangladesz / Benin
85%
8 Największe skupisko Polonii Stany Zjednoczone / Niemcy / Brazylia / Francja / Kanada / Wielka Brytania / Argentyna
85%
10 Większa liczba osób prawosławnych Mołdawia / Grecja / Rumunia / Serbia / Gruzja / Ukraina / Bułgaria / Cypr / Czarnogóra
82%
3 Najdłuższa granica z Ukrainą Rosja / Mołdawia
82%
17 Największa produkcja ziemniaków Chiny / Indie / Stany Zjednoczone / Rosja / Niemcy / Bangladesz / Francja / Polska / Egipt / Holandia / Kanada / Pakistan / Peru / Wielka Brytania / Turcja
79%
3 Najczęściej odwiedzane przez Putina Chiny / Niemcy
79%
2 Największa grupa narodowa w Polsce Niemcy
79%
4 Europejska stolica położona najdalej od morza Rosja / Węgry / Ukraina
61%
4 Państwo europejskie którego stolica jest najbliżej litery P Norwegia / Monako / Rosja
58%
12 Najdłużej rządzący przywódca państwowy Brunei / Szwecja / Kamerun / Gwinea Równikowa / Iran / Liechtenstein / Uganda / Eswatini / Norwegia / Erytrea / Tadżykistan
39%
Nie znaleziono quizów pasujących do podanych kryteriów
Rozkład punktacji
Procent ludzi z każdym wynikiem
Percentyl według liczby udzielonych odpowiedzi
Twoja historia wyników
Nie rozwiązałeś tego quizu od ostatniego zresetowania